000 00795nam a2200241 a 4500
001 73219
003 BD-RjUL
005 20211209082349.0
008 140123r19611939enka a 001 0 eng d
035 _a(BD-RjUL)73437
040 _aMNY
_cMNY
_dNOC
_dEQO
_dBD-RjUL
_beng
041 _aeng
082 _223
_a 546
_bCAS 1961
100 1 _aCaven, R. M.
_q(Robert Martin),
_d1870-1934.
_931770
245 1 0 _aSystematic inorganic chemistry :
_bfrom the standpoint of the periodic law /
_cby R.M. Caven ;
250 _a6th ed. / revised by A. B. Crawford
260 _aLondon :
_bBlackie & Son,
_c1939 [1958-1961].
300 _axviii, 546 p. :
_bill. ;
_c20 cm.
504 _aIncludes index
650 0 _aChemistry, Inorganic.
_931771
700 1 _aCrawford, A. B. , reviser
_9234358
942 _2ddc
_cBK
999 _c73219
_d73219